000 00717nam a2200205Ii 4500
003 JO-AjNU
008 230606s9999||||xx |||||||||||||| ||und||
020 _a978-0-19-923517-9
040 _aJO-AjNU
_beng
_erda
_cJO-AjNU
041 _aeng
050 1 4 _aPE1449.H548.2007
100 3 _aHolder, R. W,
_eauthor
_91677
245 0 2 _aA Dictionary of Euphemisms
264 3 1 _aOxford [England]؛ New York: Oxford University Press, 2007
300 _a410p
336 _atext
_btxt
_2rdacontent
337 _aunmediated
_bn
_2rdamedia
338 _avolume
_bnc
_2rdacarrier
650 4 _aEnglish language -- Euphemism -- Dictionaries -- English language -- Synonyms and antonyms -- English language -- Terms and phrases
_91678
999 _aE879
_c879
_d879